San Francisco de Asís (Registro nro. 303638)

Detalles MARC
000 -ENCABEZADO
Número de control [NR] 01953nam a2200241 4500
005 - FECHA Y HORA DE LA ÚLTIMA TRANSACCIÓN
control field 20160831092923.0
008 - DE LONGITUD FIJA DE DATOS DE ELEMENTOS - INFORMACIÓN GENERAL
Elementos de longitud fija [NR] 160614s1886 fr |||fr|||| 001 0 spa d
040 ## - FUENTE DE CATALOGACION [NR]
Agencia de catalogación original [NR] CO-BoUCM
Idioma de catalogación [NR] spa
Quien Cataloga Sandra Yazo
Quien Clasifica Sandra Yazo
041 0# - CODIGO DE IDIOMA [R]
Código de idioma para texto/pista de sonido o título separado [R] Español
082 04 - NUMERO DE CLASIFICACION DECIMAL DEWEY [R]
Número de la edición [NR] 20
Número de clasificación [R] 922.22
092 ## - SIGNATURA TOPOGRAFICA LOCAL
Número de clasificación local E40N065
100 1# - ASIENTO PRINCIPAL--NOMBRE PERSONAL [NR]
Nombre personal [NR] Pardo Bazán, Emilia
Títulos u otras palabras asociadas al nombre [R] condesa de
Fechas asociadas con el nombre [NR] 1851-1921
ID Autoridad 77734
245 10 - MENCION DE TITULO [NR]
Título [NR] San Francisco de Asís
Parte restante del título [NR] (Siglo XIII)
Mención de responsabilidad, etc. [NR] Doña Emilia Pardo Bazán ; con un prólogo por D. Marcelino Menéndez y pelayo
260 ## - PUBLICACION, DISTRIBUCION, ETC. (PIE DE IMPRENTA) [R]
Lugar de publicación, distribución, etc. [R] París (Francia)
Nombre del editor, distribuidor, etc. [R] Librería de Garnier Hermanos
Fecha de publicación, distribución, etc. [R] 1886
300 ## - DESCRIPCION FISICA [R]
Extensión [R] cxxxv, 576 páginas
Dimensiones [R] 19 x 13 cm.
500 ## - NOTA GENERAL [R]
Nota general [NR] Detalles físicos: Encuadernación rígida en cartón forrado en tela. Tapas y lomo con decoración en dorado y negro, algunos repujados. Guardas con una anotación. Anteportada. Hoja de cortesía con un retrato de la autora. Portada impresa en dos tinta. Texto impreso en una sola columna. Cenefas y remates, algunas anotaciones manuscritas entre el texto. Papel muy manchado, algunas hojas sueltas. Cortes pintados. Perteneció a la biblioteca de Mons. Rafael María Carrasquilla<br/>
505 0# - NOTA DE CONTENIDO CON FORMATO PREESTABLECIDO [R]
Nota de contenido con formato preestablecido [NR] Dedicatoria ; Prologo ; Censura y licencia eclesiástica ; Al que leyere ; Cartas ; Introducción ; La edad media y el siglo XIII ; San Francisco de Asís: Primeros años ; Aurora de la orden ; El apostolado franciscano ; San Francisco en España ; La orden se constituye ; Primera Corona ; Pasión ; Agonía, muerte, resurrección ; La orden terciaria ; La indulgencia de las rosas ; San Francisco y la mujer ; San Francisco y la naturaleza ; La pobreza franciscana y las herejías comunistas ; La conspiración franciscana en las artes ; La inspiración en la ciencia ; Los filósofos franciscanos ; San Francisco y la poesía
506 ## - NOTA DE RESTRICCIONES DE ACCESO [R]
Condiciones de acceso [NR] Consulta en sala
600 1# - ASIENTO SECUNDARIO DE MATERIA - NOMBRE PERSONAL [R]
9 (RLIN) 1672
Nombre personal [NR] Francisco de Asís
Títulos y otras palabras asociadas con el nombre [R] Santo
Subdivisión general [R] Biografías
650 #7 - ASIENTO SECUNDARIO DE MATERIA - TERMINO TEMATICO [R]
9 (RLIN) 16128
Término temático o nombre geográfico como elemento de entrada [NR] Franciscanos
690 ## - ASUNTO AGREGADO LOCAL DE ENTRADA - TÉRMINO TEMÁTICO (OCLC, RLIN)
Acceso temático local Biografías
9 (RLIN) 7343
942 ## - ELEMENTOS DE ENTRADA AGREGADOS (KOHA)
Sistema de clasificación LOCAL
Tipo de ítem principal el descrito en 300a Libro
Edición 2
Clasificación E40N065
Existencias
Suprimido Perdido Sistema de clasificación Dañado No prestable Tipo de ítem específico Ubicación habitual Ubicación actual Localización Fecha de creación Forma de adquisición Costo Total préstamos Signatura topográfica Código de barras Última vez visto Ejemplar Price effective from Tipo de ítem
    LOCAL     Libro archivo Archivo Histórico Archivo Histórico Archivo histórico 14/06/2016 Donación 0.00   E40N065 L005726 14/06/2016 Ej.1 14/06/2016 Libro